[Event "Verbandsliga 2019-20"]
[Site "MVP"]
[Date "2019.10.20"]
[Round "2.7"]
[White "Podolskiy, Alexander"]
[Black "Dombrowski, Frank"]
[Result "1-0"]
[WhiteElo "1970"]
[BlackElo "1950"]
[PlyCount "79"]
[EventDate "2019.09.29"]
[EventType "team-tourn"]
[EventRounds "9"]
[WhiteTeam "ASV Wismar"]
[BlackTeam "Greifswalder SV II"]
[WhiteTeamCountry "GER"]
[BlackTeamCountry "GER"]

1. e4 c6 2. d4 d5 3. exd5 cxd5 4. Bd3 Nc6 5. c3 Nf6 6. Ne2 Bg4 7. O-O e6 8. Bf4
Nh5 9. Be3 Nf6 10. Qc2 Bxe2 11. Qxe2 Bd6 12. Nd2 O-O 13. Bg5 Ne7 14. Nf3 Ng6
15. Ne5 Qc7 16. f4 Nd7 17. Nxd7 Qxd7 18. f5 exf5 19. Rxf5 Ne7 20. Bxe7 Bxe7 21.
Qh5 g6 22. Rxd5 Qe6 23. Qf3 Bf6 24. Bb5 a6 25. Bd7 Qb6 26. Rf1 Bg7 27. b4 Qc7
28. Ba4 b5 29. Bb3 Ra7 30. Rc5 Qd7 31. Rc6 Kh8 32. d5 f5 33. d6 Rf6 34. Qd5 Rf8
35. Re1 Bf6 36. Re6 Kg7 37. Qc5 Bd8 38. Rc7 Rxc7 39. dxc7 Qxc7 40. Qxc7+ 1-0

[Event "Verbandsliga 2019-20"]
[Site "MVP"]
[Date "2019.10.20"]
[Round "2.1"]
[White "Lehmann, Ruben"]
[Black "Stoevesand, Peter"]
[Result "1-0"]
[WhiteElo "1954"]
[BlackElo "1754"]
[PlyCount "77"]
[EventDate "2019.09.29"]
[EventType "team-tourn"]
[EventRounds "9"]
[WhiteTeam "HSG Stralsund"]
[BlackTeam "SG Neubrandenburg"]
[WhiteTeamCountry "GER"]
[BlackTeamCountry "GER"]

1. d4 d5 2. c4 e6 3. Nc3 Nf6 4. Bg5 Be7 5. cxd5 exd5 6. e3 O-O 7. Bd3 Nbd7 8.
Nge2 b6 9. O-O Bb7 10. Ng3 h6 11. Bf4 c5 12. Nf5 c4 13. Bc2 a6 14. Qf3 Re8 15.
Qg3 Nh5 16. Nxh6+ Kf8 17. Qh3 Ndf6 18. Nf5 g6 19. g4 gxf5 20. gxh5 Bd6 21. Bg5
Ke7 22. Qxf5 Rg8 23. Kh1 Rxg5 24. Qxg5 Qc7 25. Qh4 Rh8 26. h6 b5 27. Rg1 b4 28.
Ne2 c3 29. bxc3 Qc4 30. Ng3 Bc8 31. Bb3 Qxc3 32. Rac1 Qd2 33. Rxc8 Rxc8 34.
Nf5+ Ke6 35. Nxd6 Rc1 36. Rxc1 Qxc1+ 37. Kg2 Qb1 38. Qg5 Qh7 39. Qe5+ 1-0

[Event "Verbandsliga 2019-20"]
[Site "MVP"]
[Date "2019.10.20"]
[Round "2.2"]
[White "Kunow, Frank"]
[Black "Hubert, Peter"]
[Result "0-1"]
[WhiteElo "1926"]
[BlackElo "2114"]
[PlyCount "96"]
[EventDate "2019.09.29"]
[EventType "team-tourn"]
[EventRounds "9"]
[WhiteTeam "SG Neubrandenburg"]
[BlackTeam "HSG Stralsund"]
[WhiteTeamCountry "GER"]
[BlackTeamCountry "GER"]

1. Nf3 d5 2. c4 dxc4 3. e4 e6 4. Bxc4 Nf6 5. Nc3 c5 6. O-O Nc6 7. Bb5 Bd7 8. d4
cxd4 9. Nxd4 Nxd4 10. Qxd4 Bxb5 11. Qxd8+ Rxd8 12. Nxb5 Nxe4 13. Nc7+ Kd7 14.
Nb5 Bc5 15. a4 Ke7 16. Bf4 a6 17. Na3 Rd5 18. Nc2 Rhd8 19. Be3 Bxe3 20. Nxe3
Rd2 21. Nc4 Rc2 22. b3 Nd2 23. Nxd2 Rdxd2 24. g3 Rb2 25. Rac1 Rxb3 26. Rc7+ Kf6
27. Rc4 Rbb2 28. Rf4+ Ke7 29. Rc1 Rdc2 30. Rd1 g5 31. Rf3 b5 32. axb5 axb5 33.
Ra1 Rc7 34. g4 b4 35. Ra5 h6 36. Rb5 Kd6 37. h4 Rc4 38. hxg5 Rxg4+ 39. Kf1 hxg5
40. Rxf7 Rf4 41. Rb6+ Ke5 42. Rb5+ Ke4 43. Re7 Rfxf2+ 44. Kg1 Rg2+ 45. Kf1 Kf3
46. Rf7+ Kg4 47. Rg7 Rgf2+ 48. Kg1 Rf5 0-1

[Event "Verbandsliga 2019-20"]
[Site "MVP"]
[Date "2019.10.20"]
[Round "2.3"]
[White "Mehl, Ronald"]
[Black "Schulz, Daniel"]
[Result "0-1"]
[WhiteElo "2099"]
[BlackElo "1817"]
[PlyCount "78"]
[EventDate "2019.09.29"]
[EventType "team-tourn"]
[EventRounds "9"]
[WhiteTeam "HSG Stralsund"]
[BlackTeam "SG Neubrandenburg"]
[WhiteTeamCountry "GER"]
[BlackTeamCountry "GER"]

1. Nf3 Nf6 2. e3 b6 3. b3 Bb7 4. Bb2 g6 5. Be2 Bg7 6. O-O O-O 7. d4 c5 8. Nbd2
cxd4 9. exd4 d5 10. Re1 Nc6 11. Bf1 Rc8 12. c4 e6 13. Rc1 Bh6 14. Ra1 Qc7 15.
c5 Rfd8 16. a3 a5 17. Qc2 Nd7 18. Qc3 Bg7 19. b4 Ne7 20. Rac1 axb4 21. axb4
bxc5 22. bxc5 Qb8 23. Ba3 Nf5 24. Rb1 Qa8 25. Rb3 Bc6 26. Bb4 Re8 27. Ra1 Qb8
28. Ba5 Qf4 29. g3 Qh6 30. h4 e5 31. Bb4 e4 32. Nh2 Bxd4 33. Qc1 Bxa1 34. Qxa1
e3 35. Ng4 exf2+ 36. Kxf2 Qg7 37. Qc1 Qd4+ 38. Kg2 Qxg4 39. Nf3 d4 0-1

[Event "Verbandsliga 2019-20"]
[Site "MVP"]
[Date "2019.10.20"]
[Round "2.4"]
[White "Pruesse, Horst"]
[Black "Paulowitz, Bernd-Rainer"]
[Result "0-1"]
[WhiteElo "2044"]
[BlackElo "1904"]
[PlyCount "56"]
[EventDate "2019.09.29"]
[EventType "team-tourn"]
[EventRounds "9"]
[WhiteTeam "SG Neubrandenburg"]
[BlackTeam "HSG Stralsund"]
[WhiteTeamCountry "GER"]
[BlackTeamCountry "GER"]

1. e4 c6 2. Nc3 d5 3. Qf3 e6 4. e5 c5 5. d4 cxd4 6. Nb5 Nc6 7. Qg3 a6 8. Nd6+
Bxd6 9. exd6 Kf8 10. Nf3 Nf6 11. Bd3 Ne4 12. Bxe4 dxe4 13. Ne5 Qa5+ 14. c3 Qxe5
15. Qxe5 Nxe5 16. cxd4 Nc6 17. O-O Bd7 18. Rd1 f6 19. b3 b5 20. Bb2 Kf7 21.
Rac1 Rhc8 22. Ba3 Nd8 23. Rc7 Rxc7 24. dxc7 Nb7 25. Kf1 a5 26. d5 exd5 27. Rxd5
Bc6 28. Rh5 Kg6 0-1

[Event "Verbandsliga 2019-20"]
[Site "MVP"]
[Date "2019.10.20"]
[Round "2.5"]
[White "Glawe, Hartmut"]
[Black "Hoerhold, Martin"]
[Result "1-0"]
[WhiteElo "2017"]
[BlackElo "1828"]
[PlyCount "57"]
[EventDate "2019.09.29"]
[EventType "team-tourn"]
[EventRounds "9"]
[WhiteTeam "HSG Stralsund"]
[BlackTeam "SG Neubrandenburg"]
[WhiteTeamCountry "GER"]
[BlackTeamCountry "GER"]

1. d4 Nf6 2. Bf4 g6 3. Nc3 Bg7 4. e4 d6 5. Qd2 a6 6. Nf3 b5 7. a3 Bb7 8. Bd3 c5
9. d5 Qa5 10. O-O Nfd7 11. Rfb1 c4 12. Bf1 O-O 13. Bh6 Rd8 14. Bxg7 Kxg7 15. a4
Qb6 16. Nd4 b4 17. Na2 a5 18. Bxc4 Nc5 19. b3 Nxe4 20. Qe3 Nc5 21. Qxe7 Nbd7
22. Ne6+ Kg8 23. Nxd8 Rxd8 24. Re1 Ne5 25. Rxe5 dxe5 26. Qxe5 Nd7 27. Qe3 Qc7
28. Qe7 Qb6 29. d6 1-0

[Event "Verbandsliga 2019-20"]
[Site "MVP"]
[Date "2019.10.20"]
[Round "2.7"]
[White "Kohn, Thomas"]
[Black "Baier, Karsten"]
[Result "1/2-1/2"]
[WhiteElo "1964"]
[BlackElo "1984"]
[PlyCount "50"]
[EventDate "2019.09.29"]
[EventType "team-tourn"]
[EventRounds "9"]
[WhiteTeam "HSG Stralsund"]
[BlackTeam "SG Neubrandenburg"]
[WhiteTeamCountry "GER"]
[BlackTeamCountry "GER"]

1. Nf3 c5 2. e4 b6 3. d4 cxd4 4. Nxd4 Bb7 5. Nc3 g6 6. Be3 Bg7 7. Bc4 Nc6 8. f3
Na5 9. Be2 Rc8 10. Qd2 Nc4 11. Bxc4 Rxc4 12. O-O-O d6 13. Nce2 Nf6 14. Bh6 O-O
15. Bxg7 Kxg7 16. h4 e5 17. Nb3 d5 18. Qg5 Qc7 19. Ng3 Rxc2+ 20. Kb1 Bc8 21.
exd5 h6 22. d6 hxg5 23. dxc7 Rxc7 24. hxg5 Nh7 25. Rd5 Re8 1/2-1/2

[Event "Verbandsliga 2019-20"]
[Site "MVP"]
[Date "2019.10.20"]
[Round "2.1"]
[White "Schmekel, Florian"]
[Black "Hornych, Christoph"]
[Result "1/2-1/2"]
[WhiteElo "2102"]
[BlackElo "2171"]
[PlyCount "84"]
[EventDate "2019.09.29"]
[EventType "team-tourn"]
[EventRounds "9"]
[WhiteTeam "SAV Torgelow"]
[BlackTeam "SF Schwerin II"]
[WhiteTeamCountry "GER"]
[BlackTeamCountry "GER"]

1. d4 Nf6 2. c4 c5 3. d5 b5 4. cxb5 a6 5. bxa6 Bxa6 6. Nc3 g6 7. e4 Bxf1 8.
Kxf1 d6 9. Nf3 Bg7 10. g3 O-O 11. Kg2 Nbd7 12. h3 Ra6 13. a4 Qa8 14. Qc2 Rb8
15. Ra3 Rb4 16. b3 c4 17. bxc4 Rxc4 18. Qd3 Rc8 19. Be3 Nc5 20. Bxc5 Rxc5 21.
Rb1 Nd7 22. Nb5 Rxa4 23. Rxa4 Qxa4 24. Nbd4 Rc4 25. Nc6 Bf6 26. Qd2 Kg7 27. Rb7
Rc2 28. Qe3 Nc5 29. Rb4 Qa2 30. Ncd4 Rc4 31. Rxc4 Qxc4 32. g4 h6 33. h4 Be5 34.
h5 Nd3 35. hxg6 Nf4+ 36. Kg1 fxg6 37. Nxe5 dxe5 38. Ne6+ Kf6 39. Qa7 Nxd5 40.
exd5 Qxg4+ 41. Kh2 Qh4+ 42. Kg1 Qg4+ 1/2-1/2

[Event "Verbandsliga 2019-20"]
[Site "MVP"]
[Date "2019.10.20"]
[Round "2.2"]
[White "Roehl, Rainer"]
[Black "Zentgraf, Robert"]
[Result "1-0"]
[WhiteElo "2033"]
[BlackElo "2171"]
[PlyCount "105"]
[EventDate "2019.09.29"]
[EventType "team-tourn"]
[EventRounds "9"]
[WhiteTeam "SF Schwerin II"]
[BlackTeam "SAV Torgelow"]
[WhiteTeamCountry "GER"]
[BlackTeamCountry "GER"]

1. d4 Nf6 2. Bf4 e6 3. Nf3 c5 4. e3 b6 5. Nc3 a6 6. d5 d6 7. dxe6 fxe6 8. Ng5
h6 9. Nge4 d5 10. Nxf6+ Qxf6 11. Bd3 Qf7 12. Qg4 g5 13. Nxd5 Nd7 14. Nc7+ Ke7
15. Qf3 gxf4 16. Qxa8 Bg7 17. O-O Be5 18. Qc6 f3 19. g3 h5 20. Be4 h4 21. Qxe6+
Qxe6 22. Nxe6 Kxe6 23. Bxf3 Bc7 24. Bg4+ Ke7 25. Rad1 Ne5 26. Bxc8 Rxc8 27. Kg2
Rh8 28. b3 h3+ 29. Kh1 Nf3 30. Rd5 Ke6 31. c4 Rh7 32. a4 a5 33. Rfd1 Be5 34.
Rd8 Bc7 35. Re8+ Re7 36. Rh8 Ng5 37. f4 Ne4 38. Kg1 Kf5 39. Rxh3 Nf6 40. Kg2
Rxe3 41. Rh8 Rxb3 42. Rc8 Bxf4 43. Rf1 Nh5 44. Rf8+ Kg4 45. h3+ Kg5 46. gxf4+
Kh4 47. Rf3 Rb2+ 48. Kg1 Rb1+ 49. Kf2 Rc1 50. f5 Rxc4 51. f6 Nf4 52. f7 Rc2+
53. Ke1 1-0

[Event "Verbandsliga 2019-20"]
[Site "MVP"]
[Date "2019.10.20"]
[Round "2.3"]
[White "Bauer, Norbert"]
[Black "Wandel, Bernd"]
[Result "1-0"]
[WhiteElo "2054"]
[BlackElo "2064"]
[PlyCount "93"]
[EventDate "2019.09.29"]
[EventType "team-tourn"]
[EventRounds "9"]
[WhiteTeam "SAV Torgelow"]
[BlackTeam "SF Schwerin II"]
[WhiteTeamCountry "GER"]
[BlackTeamCountry "GER"]

1. d4 Nf6 2. c4 g6 3. Nc3 Bg7 4. e4 d6 5. Be2 O-O 6. Bg5 Nbd7 7. Qd2 e5 8. d5
Nc5 9. f3 a6 10. b4 Ncd7 11. a3 a5 12. Rc1 b6 13. Nh3 Nb8 14. Nf2 Na6 15. Nd3
h6 16. Be3 axb4 17. axb4 Kh7 18. O-O Ng8 19. c5 bxc5 20. bxc5 f5 21. Ra1 Rb8
22. c6 Qe7 23. Ra4 Nf6 24. Qa2 fxe4 25. fxe4 Nc5 26. Nxc5 dxc5 27. Rc4 Ng4 28.
Bxc5 Rxf1+ 29. Bxf1 Qg5 30. Nd1 Nxh2 31. Kxh2 Qh5+ 32. Kg1 Qxd1 33. Qc2 Rb1 34.
Qxd1 Rxd1 35. Ra4 Bg4 36. Kf2 h5 37. Be3 Bf8 38. Be2 Bxe2 39. Kxe2 Rb1 40. Ra7
Bd6 41. Rb7 Rb4 42. Kd3 Ra4 43. Bb6 Kh6 44. Bxc7 Rd4+ 45. Kc3 Bxc7 46. Rxc7
Rxe4 47. d6 1-0

[Event "Verbandsliga 2019-20"]
[Site "MVP"]
[Date "2019.10.20"]
[Round "2.4"]
[White "Jung, Werner"]
[Black "Ehlers, Michael"]
[Result "1-0"]
[WhiteElo "2042"]
[BlackElo "1941"]
[PlyCount "63"]
[EventDate "2019.09.29"]
[EventType "team-tourn"]
[EventRounds "9"]
[WhiteTeam "SF Schwerin II"]
[BlackTeam "SAV Torgelow"]
[WhiteTeamCountry "GER"]
[BlackTeamCountry "GER"]

1. e4 c5 2. c3 g6 3. d4 cxd4 4. cxd4 d5 5. e5 e6 6. h3 Nc6 7. Be3 Qb6 8. Qd2
Bd7 9. Nc3 Nge7 10. g4 Na5 11. b3 Rc8 12. Nge2 Nec6 13. Bg2 Bb4 14. O-O Nb8 15.
Rfc1 O-O 16. Bg5 Rfe8 17. Bf6 Bf8 18. h4 Bb5 19. Nxb5 Qxb5 20. h5 Nd7 21. g5
Bb4 22. Qe3 Bf8 23. Nf4 Nc6 24. Bh3 Qb6 25. hxg6 hxg6 26. Ne2 Rc7 27. Kg2 Rec8
28. Rh1 Nxf6 29. gxf6 Nd8 30. Bg4 Rc2 31. Qh3 Bg7 32. fxg7 1-0

[Event "Verbandsliga 2019-20"]
[Site "MVP"]
[Date "2019.10.20"]
[Round "2.5"]
[White "Bress, Aaron"]
[Black "Helms, Sven"]
[Result "0-1"]
[WhiteElo "1793"]
[BlackElo "1962"]
[PlyCount "96"]
[EventDate "2019.09.29"]
[EventType "team-tourn"]
[EventRounds "9"]
[WhiteTeam "SAV Torgelow"]
[BlackTeam "SF Schwerin II"]
[WhiteTeamCountry "GER"]
[BlackTeamCountry "GER"]

1. e4 e5 2. Nf3 Nf6 3. Nxe5 d6 4. Nf3 Nxe4 5. d3 Nf6 6. Nc3 Be7 7. Be2 O-O 8.
O-O Bg4 9. h3 Bh5 10. g4 Bg6 11. Nh4 Nc6 12. f4 Nd7 13. Nxg6 hxg6 14. Bf3 Nb6
15. a4 a5 16. Be3 Bf6 17. Qd2 Re8 18. Bf2 Bxc3 19. Qxc3 d5 20. Qb3 d4 21. Rae1
Qd6 22. Bg3 Re3 23. Kg2 Rae8 24. f5 Qb4 25. fxg6 Qxb3 26. cxb3 fxg6 27. Be4 Nb4
28. Rxe3 dxe3 29. Re1 N6d5 30. Bxg6 Re6 31. Be4 Rc6 32. Re2 Rc1 33. Be5 c6 34.
Bd6 Nc2 35. Bxd5+ cxd5 36. Bf4 Ne1+ 37. Kg3 d4 38. Be5 Nc2 39. Kf3 Rf1+ 40. Ke4
Rf2 41. Rxc2 Rxc2 42. Bxd4 e2 43. Bf2 Rc1 44. Kd4 e1=Q 45. Bxe1 Rxe1 46. Kc5
Re3 47. d4 Rxb3 48. d5 Kf7 0-1

[Event "Verbandsliga 2019-20"]
[Site "MVP"]
[Date "2019.10.20"]
[Round "2.6"]
[White "Kutschke, Peter"]
[Black "Grossmann, Piet"]
[Result "1/2-1/2"]
[WhiteElo "1993"]
[BlackElo "1818"]
[PlyCount "132"]
[EventDate "2019.09.29"]
[EventType "team-tourn"]
[EventRounds "9"]
[WhiteTeam "SF Schwerin II"]
[BlackTeam "SAV Torgelow"]
[WhiteTeamCountry "GER"]
[BlackTeamCountry "GER"]

1. e4 e6 2. c4 d5 3. cxd5 exd5 4. exd5 Nf6 5. Nc3 Nxd5 6. d4 Be7 7. Nf3 O-O 8.
Bd3 Bb4 9. O-O Bg4 10. Bd2 Nc6 11. a3 Be7 12. h3 Be6 13. Qc2 Nf6 14. Be3 h6 15.
b4 Nd5 16. Nxd5 Bxd5 17. Ne5 Bd6 18. Nxc6 Bxc6 19. Bc4 Qf6 20. Rad1 Bd7 21. Bd3
Bc6 22. Bc4 Rfe8 23. Rfe1 Be4 24. Qd2 Qg6 25. Bf1 a5 26. Bf4 Bf5 27. Kh1 axb4
28. axb4 Rxe1 29. Rxe1 Ra3 30. g3 Be4+ 31. Kh2 f5 32. Qb2 Ra8 33. Bxd6 Qxd6 34.
Qb3+ Kh7 35. Rd1 Qc6 36. b5 Qc2 37. Qxc2 Bxc2 38. Rd2 Be4 39. b6 c6 40. Bg2
Bxg2 41. Kxg2 Ra5 42. Re2 Rb5 43. Re5 Kg6 44. f4 Kf6 45. g4 g6 46. gxf5 gxf5
47. Re8 Rxb6 48. Rf8+ Kg6 49. Rg8+ Kf7 50. Rh8 Kg7 51. Rd8 Rb5 52. Rd7+ Kg6 53.
Rd6+ Kh5 54. Rd7 Rd5 55. Rxb7 Rxd4 56. Kg3 Rd3+ 57. Kg2 Rd6 58. Rf7 Kg6 59. Rc7
Kf6 60. Rh7 Kg6 61. Rc7 Rd2+ 62. Kg3 Rc2 63. Rc8 Rc1 64. Rc7 Kf6 65. Rh7 Kg6
66. Rc7 Kf6 1/2-1/2

[Event "Verbandsliga 2019-20"]
[Site "MVP"]
[Date "2019.10.20"]
[Round "2.7"]
[White "Schmidt, Paul"]
[Black "Voll, Andreas"]
[Result "1/2-1/2"]
[WhiteElo "1915"]
[BlackElo "1880"]
[PlyCount "64"]
[EventDate "2019.09.29"]
[EventType "team-tourn"]
[EventRounds "9"]
[WhiteTeam "SAV Torgelow"]
[BlackTeam "SF Schwerin II"]
[WhiteTeamCountry "GER"]
[BlackTeamCountry "GER"]

1. e4 c5 2. d4 cxd4 3. c3 dxc3 4. Nxc3 Nc6 5. Nf3 e6 6. Bf4 a6 7. Bc4 Bb4 8.
O-O Nge7 9. Qe2 O-O 10. Rfd1 Ng6 11. Bd6 Bxd6 12. Rxd6 Qf6 13. Nd5 Qd8 14. Nc3
Qa5 15. Rad1 Nce5 16. Bb3 Rb8 17. Qe3 Nxf3+ 18. Qxf3 Qe5 19. Qe3 b5 20. Qa7 Rb7
21. Qxa6 b4 22. Na4 Rb5 23. Qa7 Nf4 24. Qe3 Qf6 25. Nb6 Rg5 26. g3 h6 27. Nxd7
Bxd7 28. Rxd7 Ng6 29. Qd4 Ne5 30. Qxb4 Nxd7 31. Rxd7 Rd8 32. Rxd8+ Qxd8 1/2-1/2

[Event "Verbandsliga 2019-20"]
[Site "MVP"]
[Date "2019.10.20"]
[Round "2.8"]
[White "Schmidt, Arne"]
[Black "Troemer, Felix"]
[Result "1-0"]
[WhiteElo "1674"]
[BlackElo "1753"]
[PlyCount "55"]
[EventDate "2019.09.29"]
[EventType "team-tourn"]
[EventRounds "9"]
[WhiteTeam "SF Schwerin II"]
[BlackTeam "SAV Torgelow"]
[WhiteTeamCountry "GER"]
[BlackTeamCountry "GER"]

1. Nf3 Nf6 2. g3 b6 3. Bg2 Bb7 4. O-O e6 5. c4 c5 6. d3 Be7 7. Nc3 O-O 8. b3 a6
9. Bb2 Qc7 10. Rc1 Rd8 11. e3 Nc6 12. Qe2 Ne5 13. Nxe5 Bxg2 14. Kxg2 Qxe5 15.
Nd5 Qd6 16. Nxf6+ Bxf6 17. Bxf6 gxf6 18. Rfd1 f5 19. Qf3 Rab8 20. d4 cxd4 21.
Rxd4 Qc7 22. Rcd1 b5 23. Qh5 d6 24. Qg5+ Kh8 25. Qf6+ Kg8 26. Rh4 bxc4 27. Rxh7
Qb7+ 28. f3 1-0

[Event "Verbandsliga 2019-20"]
[Site "MVP"]
[Date "2019.11.24"]
[Round "3.1"]
[White "Fischer, Torsten"]
[Black "Schmekel, Florian"]
[Result "1-0"]
[WhiteElo "2026"]
[BlackElo "2102"]
[PlyCount "163"]
[EventDate "2019.09.29"]
[EventType "team-tourn"]
[EventRounds "9"]
[WhiteTeam "SF Schwerin III"]
[BlackTeam "SAV Torgelow"]
[WhiteTeamCountry "GER"]
[BlackTeamCountry "GER"]

1. e4 c5 2. Nf3 Nc6 3. d4 cxd4 4. Nxd4 g6 5. Bc4 Bg7 6. Nxc6 bxc6 7. Qf3 Nf6 8.
Nc3 O-O 9. O-O d6 10. Re1 Nd7 11. Qg3 Nb6 12. Be2 d5 13. Bf4 d4 14. Rad1 Qe8
15. Nb1 e5 16. Bc1 Be6 17. b3 c5 18. a4 Qc8 19. Ba3 f6 20. Nd2 Kh8 21. a5 Nd7
22. Bc4 Bxc4 23. Nxc4 Qc6 24. h4 f5 25. f3 f4 26. Qh3 Nb8 27. h5 gxh5 28. Qxh5
Nd7 29. Kf2 Qe6 30. Rh1 h6 31. Rh4 Nf6 32. Qg6 Qe7 33. Rdh1 Ng8 34. Qd6 Qg5 35.
Rg4 Qf6 36. Bxc5 Rfd8 37. Qxf6 Nxf6 38. Rgh4 d3 39. c3 Rab8 40. Bb4 Kg8 41. Rd1
Ne8 42. Rh5 Rb5 43. Nb2 Bf8 44. Rxd3 Rc8 45. Nc4 Bxb4 46. cxb4 Nf6 47. Rxh6 Kg7
48. Rh1 Rxb4 49. Rhd1 Rc5 50. Ke2 Rcb5 51. Kd2 Rxb3 52. Rxb3 Rxb3 53. Kc2 Rb5
54. Rd6 Rc5 55. Kc3 Rc7 56. Kb4 Nd7 57. Rd5 Kf6 58. a6 Ke6 59. Rb5 Rc6 60. Ra5
Rc8 61. Na3 Rc6 62. Nc4 Rc8 63. Rd5 Rc6 64. Kb5 Rc8 65. Rd6+ Ke7 66. Rh6 Rc5+
67. Kb4 Rc8 68. Na5 Nf6 69. Nc4 Rc6 70. Kb5 Re6 71. Rh8 Ne8 72. Rh7+ Kd8 73.
Rxa7 Nc7+ 74. Ka5 Rc6 75. Kb4 Nxa6+ 76. Kb5 Rc5+ 77. Kxa6 Rxc4 78. Kb5 Rc2 79.
Rg7 Ke8 80. Rg5 Kd7 81. Rxe5 Rxg2 82. Rf5 1-0

[Event "Verbandsliga 2019-20"]
[Site "MVP"]
[Date "2019.11.24"]
[Round "3.3"]
[White "Helms, Sven"]
[Black "Bauer, Norbert"]
[Result "0-1"]
[WhiteElo "1962"]
[BlackElo "2054"]
[PlyCount "66"]
[EventDate "2019.09.29"]
[EventType "team-tourn"]
[EventRounds "9"]
[WhiteTeam "SF Schwerin III"]
[BlackTeam "SAV Torgelow"]
[WhiteTeamCountry "GER"]
[BlackTeamCountry "GER"]

1. e4 c5 2. d4 cxd4 3. c3 dxc3 4. Nxc3 Nc6 5. Nf3 d6 6. Bc4 a6 7. O-O Nf6 8. h3
e6 9. Qe2 Bd7 10. Rd1 Qb8 11. Bf4 Ne5 12. Nxe5 dxe5 13. Bg5 Be7 14. Bxf6 Bxf6
15. Rac1 Bc6 16. b4 b5 17. Bb3 Qb7 18. Qg4 h5 19. Qe2 Rd8 20. Rxd8+ Bxd8 21.
Rd1 Bb6 22. Rd3 Bd4 23. Rg3 g6 24. Qf3 Qe7 25. a3 O-O 26. Nd5 exd5 27. exd5 Bd7
28. Qxh5 Kg7 29. Bc2 Qd6 30. Qf3 Rc8 31. Bd3 Rc1+ 32. Kh2 e4 33. Bxe4 Be5 0-1

[Event "Verbandsliga 2019-20"]
[Site "MVP"]
[Date "2019.11.24"]
[Round "3.4"]
[White "Ehlers, Michael"]
[Black "Kupfernagel, Michael"]
[Result "1-0"]
[WhiteElo "1941"]
[BlackElo "2030"]
[PlyCount "73"]
[EventDate "2019.09.29"]
[EventType "team-tourn"]
[EventRounds "9"]
[WhiteTeam "SAV Torgelow"]
[BlackTeam "SF Schwerin III"]
[WhiteTeamCountry "GER"]
[BlackTeamCountry "GER"]

1. e4 c5 2. Nc3 d6 3. f4 Nc6 4. Nf3 g6 5. Bb5 Bd7 6. d3 Bg7 7. Be3 a6 8. Bxc6
Bxc6 9. O-O Nf6 10. Ng5 O-O 11. h3 Qc7 12. Qe1 h6 13. Nf3 b6 14. Ne2 Kh7 15.
Qh4 Rh8 16. f5 g5 17. Nxg5+ Kg8 18. Nf3 Kf8 19. Nf4 Ke8 20. Nh5 Nxh5 21. Qxh5
Bxb2 22. Rab1 Bg7 23. Bf4 Kf8 24. Nh2 Ba4 25. f6 Bxf6 26. Ng4 Bxc2 27. Bxh6+
Ke8 28. Rxf6 exf6 29. Nxf6+ Kd8 30. Nd5 Qa7 31. Bg5+ Kd7 32. Qxf7+ Kc6 33. Ne7+
Qxe7 34. Bxe7 Bxb1 35. Qd5+ Kd7 36. Qxd6+ Ke8 37. Bf6 1-0

[Event "Verbandsliga 2019-20"]
[Site "MVP"]
[Date "2019.11.24"]
[Round "3.5"]
[White "Schmidt, Arne"]
[Black "Bress, Aaron"]
[Result "1/2-1/2"]
[WhiteElo "1674"]
[BlackElo "1793"]
[PlyCount "90"]
[EventDate "2019.09.29"]
[EventType "team-tourn"]
[EventRounds "9"]
[WhiteTeam "SF Schwerin III"]
[BlackTeam "SAV Torgelow"]
[WhiteTeamCountry "GER"]
[BlackTeamCountry "GER"]

1. Nf3 Nf6 2. b3 d5 3. Bb2 e6 4. e3 Be7 5. Be2 O-O 6. O-O c5 7. c4 b6 8. d4 Bb7
9. Nbd2 Nbd7 10. Rc1 Rc8 11. cxd5 exd5 12. dxc5 bxc5 13. Qc2 Qa5 14. Ba1 Rfe8
15. Rfd1 Bf8 16. Nf1 Ne4 17. N3d2 Ndf6 18. Nxe4 Nxe4 19. Qb2 Qb6 20. f3 Nf6 21.
Qc2 d4 22. exd4 cxd4 23. Qd3 Bc5 24. b4 Ba6 25. bxc5 Bxd3 26. cxb6 Bxe2 27. b7
Rb8 28. Rxd4 Rxb7 29. Ng3 Ba6 30. Rd6 Rb6 31. Rxb6 axb6 32. Bxf6 gxf6 33. Rc6
Re6 34. Rc7 Rd6 35. Nf5 Rd1+ 36. Kf2 Rd8 37. Nh6+ Kg7 38. Nxf7 Rd2+ 39. Kg3
Rxa2 40. Ng5+ Kg6 41. Nxh7 Bf1 42. Kf4 Ra4+ 43. Kg3 Ra2 44. Kf4 Ra4+ 45. Kg3
Ra2 1/2-1/2

[Event "Verbandsliga 2019-20"]
[Site "MVP"]
[Date "2019.11.24"]
[Round "3.6"]
[White "Grossmann, Piet"]
[Black "Pamperin, Gerhard"]
[Result "1-0"]
[WhiteElo "1818"]
[BlackElo "1918"]
[PlyCount "75"]
[EventDate "2019.09.29"]
[EventType "team-tourn"]
[EventRounds "9"]
[WhiteTeam "SAV Torgelow"]
[BlackTeam "SF Schwerin III"]
[WhiteTeamCountry "GER"]
[BlackTeamCountry "GER"]

1. e4 e6 2. d4 d5 3. Nc3 Nf6 4. e5 Nfd7 5. f4 c5 6. Nf3 Nc6 7. Be3 cxd4 8. Nxd4
Nxd4 9. Bxd4 Be7 10. Qh5 O-O 11. O-O-O f5 12. g4 Nc5 13. Kb1 Bd7 14. gxf5 Rxf5
15. Qg4 Qf8 16. Be3 a5 17. Qh3 Qf7 18. Be2 Qe8 19. Rhg1 Rc8 20. Qg4 Bf8 21.
Rdf1 b5 22. Bxc5 Rxc5 23. Bd3 Rf7 24. Qh3 g6 25. Ne2 a4 26. Ng3 Rg7 27. Qh6 Rc7
28. Nh5 gxh5 29. Qxh7+ Kf7 30. Bg6+ Ke7 31. Qxg7+ Bxg7 32. Bxe8 Bxe8 33. Rxg7+
Kd8 34. Rxc7 Kxc7 35. f5 exf5 36. Rxf5 Kd7 37. Rf6 Ke7 38. a3 1-0

[Event "Verbandsliga 2019-20"]
[Site "MVP"]
[Date "2019.11.24"]
[Round "3.7"]
[White "Krueger, Gerhard"]
[Black "Schmidt, Paul"]
[Result "0-1"]
[WhiteElo "1972"]
[BlackElo "1915"]
[PlyCount "90"]
[EventDate "2019.09.29"]
[EventType "team-tourn"]
[EventRounds "9"]
[WhiteTeam "SF Schwerin III"]
[BlackTeam "SAV Torgelow"]
[WhiteTeamCountry "GER"]
[BlackTeamCountry "GER"]

1. e4 c5 2. Nf3 d6 3. c4 Nf6 4. Nc3 Nc6 5. d4 cxd4 6. Nxd4 g6 7. Be2 Bg7 8. Nb3
O-O 9. Be3 b6 10. O-O Ba6 11. f3 Rc8 12. Nd2 Ne5 13. Qa4 Bb7 14. Qxa7 Qd7 15.
Qxb6 Rb8 16. Qa5 Ra8 17. Qb4 Rfb8 18. Nb5 Ba6 19. Nb3 Nxc4 20. Bxc4 Bxb5 21.
Bxb5 Rxb5 22. Qd2 Qb7 23. Bd4 Nd7 24. Bxg7 Kxg7 25. Rfc1 Kg8 26. Rc3 Ne5 27.
Qc2 Qa7+ 28. Kf1 Rb7 29. h3 Rab8 30. Qf2 Qa6+ 31. Qe2 Qa4 32. Qc2 Kg7 33. Ke1
Qb4 34. Kd1 Qa4 35. f4 Nd7 36. Rc4 Qa6 37. Qc3+ Nf6 38. e5 Nd5 39. Qd4 Ne3+ 40.
Qxe3 Qxc4 41. Rc1 Qf1+ 42. Qe1 Qxg2 43. exd6 Rd7 44. Qe5+ Kg8 45. Rc6 Qxc6 0-1

[Event "Verbandsliga 2019-20"]
[Site "MVP"]
[Date "2019.11.24"]
[Round "3.1"]
[White "Westphal, Wolfgang"]
[Black "Lehmann, Ruben"]
[Result "1-0"]
[WhiteElo "2164"]
[BlackElo "1954"]
[PlyCount "50"]
[EventDate "2019.09.29"]
[EventType "team-tourn"]
[EventRounds "9"]
[WhiteTeam "SF Schwerin II"]
[BlackTeam "HSG Stralsund"]
[WhiteTeamCountry "GER"]
[BlackTeamCountry "GER"]

1. e4 c6 2. Bc4 d5 3. Bb3 dxe4 4. Qh5 g6 5. Qh4 Nf6 6. Nc3 Bg7 7. f3 e3 8. dxe3
Nd5 9. Nge2 Be6 10. Bd2 Nd7 11. Bxd5 Bxd5 12. Nxd5 cxd5 13. Bc3 Bxc3+ 14. Nxc3
e6 15. Qa4 Qb6 16. Kf2 Rc8 17. Ne2 Rc4 18. Qa3 Nc5 19. Rhc1 O-O 20. b3 Rh4 21.
Qb2 Rxh2 22. Rh1 Rxh1 23. Rxh1 f5 24. Nf4 g5 25. Nh5 Qb4 1-0